000
00265nam a2200097Ia 4500
001
650223
005
20250826154355.0
008
250824s9999 xx 000 0 und d
245
0
_a
ÖLÜ CANLAR ANTİK OKUL KLASİKLERİ
_c
GOGOL
260
_b
ANTİK DÜNYA KLASİKLERİ
999
_c
650223
_d
650223